|
|
|
|
| LEADER |
01995nam a2200445 i 4500 |
| 001 |
EBC3433516 |
| 003 |
MiAaPQ |
| 005 |
20200520144314.0 |
| 006 |
m o d | |
| 007 |
cr cnu|||||||| |
| 008 |
150908t20152015gw o 000 0 ger d |
| 020 |
|
|
|z 9783862199822
|
| 020 |
|
|
|a 9783862199839 (e-book)
|
| 035 |
|
|
|a (MiAaPQ)EBC3433516
|
| 035 |
|
|
|a (Au-PeEL)EBL3433516
|
| 035 |
|
|
|a (CaPaEBR)ebr11094610
|
| 035 |
|
|
|a (OCoLC)932310622
|
| 040 |
|
|
|a MiAaPQ
|b eng
|e rda
|e pn
|c MiAaPQ
|d MiAaPQ
|
| 050 |
|
4 |
|a HD60
|b .C677 2015
|
| 082 |
0 |
|
|a 658.408
|2 23
|
| 245 |
0 |
0 |
|a Corporate Social Responsibility :
|b Die Richtlinie 2014/95/EU - Chancen und Herausforderungen /
|c Stefanie Deinert, Christian Schrader, Bettina Stoll (hrsg.).
|
| 246 |
3 |
|
|a CSR
|
| 264 |
|
1 |
|a Kassel, [Germany] :
|b kassel university press,
|c 2015.
|
| 264 |
|
4 |
|c 2015
|
| 300 |
|
|
|a 1 online resource (186 pages)
|
| 336 |
|
|
|a text
|2 rdacontent
|
| 337 |
|
|
|a computer
|2 rdamedia
|
| 338 |
|
|
|a online resource
|2 rdacarrier
|
| 490 |
1 |
|
|a Gesellschaft und Nachhaltigkeit ;
|v Band 4/Volume 4
|
| 588 |
|
|
|a Description based on online resource; title from PDF title page (ebrary, viewed September 8, 2015).
|
| 590 |
|
|
|a Electronic reproduction. Ann Arbor, MI : ProQuest, 2015. Available via World Wide Web. Access may be limited to ProQuest affiliated libraries.
|
| 650 |
|
0 |
|a Social responsibility of business.
|
| 655 |
|
4 |
|a Electronic books.
|
| 700 |
1 |
|
|a Deinert, Stefanie,
|e editor.
|
| 700 |
1 |
|
|a Schrader, Christian,
|e editor.
|
| 700 |
1 |
|
|a Stoll, Bettina,
|e editor.
|
| 776 |
0 |
8 |
|i Print version:
|t Corporate Social Responsibility : Die Richtlinie 2014/95/EU - Chancen und Herausforderungen.
|d Kassel, [Germany] : kassel university press, c2015
|h 184 pages
|k Gesellschaft und nachhaltigkeit ; Band 4/Volume 4.
|z 9783862199822
|
| 797 |
2 |
|
|a ProQuest (Firm)
|
| 830 |
|
0 |
|a Gesellschaft und nachhaltigkeit ;
|v Band 4/Volume 4.
|
| 856 |
4 |
0 |
|u https://ebookcentral.proquest.com/lib/matrademy/detail.action?docID=3433516
|z Click to View
|